คิดไปข้างหน้า : (ระเบียนเลขที่ 104851)
| 000 -LEADER | |
|---|---|
| fixed length control field | 05649 a2200253 4500 |
| 003 - CONTROL NUMBER IDENTIFIER | |
| control field | NALT |
| 005 - DATE AND TIME OF LATEST TRANSACTION | |
| control field | 20240403134748.0 |
| 008 - FIXED-LENGTH DATA ELEMENTS--GENERAL INFORMATION | |
| fixed length control field | 240322b th ||||| |||| 00| 0 tha d |
| 020 ## - INTERNATIONAL STANDARD BOOK NUMBER | |
| International Standard Book Number | 9786169396512 |
| 040 ## - CATALOGING SOURCE | |
| Original cataloging agency | NALT |
| 050 ## - LIBRARY OF CONGRESS CALL NUMBER | |
| Classification number | JQ 1745.A55A87 |
| Item number | ธ243ค 2565 |
| 100 0# - MAIN ENTRY--PERSONAL NAME | |
| Personal name | ธนาธร จึงรุ่งเรืองกิจ |
| 9 (RLIN) | 62179 |
| 245 10 - TITLE STATEMENT | |
| Title | คิดไปข้างหน้า : |
| Remainder of title | รวมวิสัยทัศน์ว่าด้วยการเมือง เศรษฐกิจ และก้าวต่อไปของประเทศไทย / |
| Statement of responsibility, etc. | ธนาธร จึงรุ่งเรืองกิจ. |
| 250 ## - EDITION STATEMENT | |
| Edition statement | พิมพ์ครั้งที่ 1. |
| 260 ## - PUBLICATION, DISTRIBUTION, ETC. | |
| Place of publication, distribution, etc. | กรุงเทพฯ : |
| Name of publisher, distributor, etc. | มูลนิธิคณะก้าวหน้า, |
| Date of publication, distribution, etc. | 2565. |
| 300 ## - PHYSICAL DESCRIPTION | |
| Extent | (9), 299 หน้า : |
| Other physical details | ภาพประกอบ ; |
| Dimensions | 24 ซม. |
| 505 0# - FORMATTED CONTENTS NOTE | |
| Formatted contents note | คำนำผู้เขียน 4 ปีของการเดินทางบนเส้นทางการเมือง --<br/>ภาค 1 อนาคตใหม่คือผู้คนและการเดินทาง --<br/>ก้าวแรกสู่อนาคตใหม่ --<br/>ภารกิจทางประวัติศาสตร์ของชาวอนาคตใหม่ --<br/>1 ปือนาคตใหม่ เดินไปด้วยกัน --<br/>ความในใจจากวันนั้นถึงวันนี้ --<br/>ภาค 2 ไทย 2 เท่า คนไทยเท่าเทียมกัน ประเทศไทยเท่าทันโลก --<br/>อนาคตใหม่ X ไทย 2 เท่า --<br/>พิมพ์เขียวประเทศไทย --<br/>ไฮเปอร์ลูป ความเป็นไปได้ทางเศรษฐกิจและอุตสาหกรรมใหม่ --<br/>เพียงสมรภูมิหนึ่งในการเดินทางอันยาวไกล --<br/>การแสวงหาฉันทามติครั้งใหม่ของสังคมการเมืองไทย --<br/>มองโลกผ่านห่วงโซ่การผลิตโลก จุดเปลี่ยนเศรษฐกิจไทย --<br/>ภาค 3 ทลายทุนผูกขาด : การบินไทย รถไฟฟ้า การท่าสัมปทาน --<br/>ทลายเศรษฐกิจผูกขาด --<br/>บทบาทของกลุ่มทุนใหญ่ที่ควรจะเป็นในประเทศไทย --<br/>การปิดบริการรถไฟฟ้าในช่วงการชุมนุม --<br/>ของอร่อยที่สุดคือ…ภาษีประชาชน --<br/>การบินไทย ยังไงดี --<br/>ภาค 4 รื้อรัฐไทย: กองทัพ งบประมาณ ราชการส่วนพระองค์ รัฐราชการรวมศูนย์ปฏิรูปกองทัพอย่างไรให้ไม่เป็นแค่การแ(ส)ดง --<br/>6 ปีรัฐประหาร 90 วันปฏิรูปกองทัพ ได้เวลาทวงสัญญาประชาชน --<br/>อนาคตงบประมาณไทย อนาคตใหม่ประชาชน --<br/>ประเทศไทยมีศักยภาพในการสร้างรัฐสวัสดิการหรือไม่ --<br/>เงินนอกงบประมาณต้องโปร่งใสและมีประสิทธิภาพ --<br/>ปรับงบประมาณส่วนราชการในพระองค์ --<br/>มูลนิธิปิดทองหลังพระ ภารกิจและงบประมาณที่ซ้ำซ้อน --<br/>ยุติรัฐราชการรวมศูนย์ ทำลายโซ่ตรวนที่ฉุดรั้งการพัฒนาประเทศ --<br/>ภาค 5 ก้าวต่อไปของประเทศไทยหลังวิกฤตโควิด-19 --<br/>มาตรการสำหรับสถานการณ์ที่แย่ที่สุด โดยหวังว่าจะไม่ไปถึงจุดนั้นจริงๆ --<br/>ประเทศไทย 2021 : ข้อเสนอจัดการโควิดและวิกฤตเศรษฐกิจ --<br/>วัคซีนพระราชทาน ใครได้ใครเสีย --<br/>เจาะ 3 พ.ร.ก. ก้าวต่อไปประเทศไทยหลังโควิด-19 --<br/>โควิดระลอกสองหลังเปิดเมือง และเงินกู้ 1 ล้านล้านบาท --<br/>ทางเลือกของคนรุ่นใหม่กับเศรษฐกิจไทยที่ยังไม่ move on.<br/> |
| 600 04 - SUBJECT ADDED ENTRY--PERSONAL NAME | |
| Personal name | ธนาธร จึงรุ่งเรืองกิจ |
| General subdivision | ทัศนะทางการเมืองและสังคม |
| 9 (RLIN) | 63470 |
| 651 #4 - SUBJECT ADDED ENTRY--GEOGRAPHIC NAME | |
| Geographic name | ไทย |
| Geographic subdivision | การเมืองและการปกครอง |
| Chronological subdivision | 2561-2564 |
| 9 (RLIN) | 63467 |
| 651 #4 - SUBJECT ADDED ENTRY--GEOGRAPHIC NAME | |
| Geographic name | ไทย |
| General subdivision | ภาวะเศรษฐกิจ |
| 9 (RLIN) | 3477 |
| 651 #4 - SUBJECT ADDED ENTRY--GEOGRAPHIC NAME | |
| Geographic name | ไทย |
| General subdivision | ภาวะสังคม |
| 9 (RLIN) | 458 |
| 942 ## - ADDED ENTRY ELEMENTS (KOHA) | |
| Koha item type | General Book |
| Source of classification or shelving scheme | Library of Congress Classification |
| 996 ## - STAFF PROCESSING RECORDS (NALT) | |
| Staff name | saiphon.d |
| Staff type | CATSTF |
| Acquisition or Cataloging date | 2024-03-22 |
| 998 ## - STAFF NAME (NALT) | |
| -- | 1524 |
| -- | นางสาวศรัณย์ภร ชำนาญป่า |
| Withdrawn status | Lost status | Source of classification or shelving scheme | Damaged status | Not for loan | Collection code | Home library | Current library | Shelving location | Date acquired | Source of acquisition | Total Checkouts | Full call number | Barcode | Date last seen | Price effective from | Koha item type |
|---|---|---|---|---|---|---|---|---|---|---|---|---|---|---|---|---|
| Library of Congress Classification | General Book collection | National Assembly Library of Thailand | National Assembly Library of Thailand | General Book shelves | 14/03/2024 | 193 | JQ 1745.A55A87 ธ243ค 2565 | 3961222743 | 04/04/2024 | 14/03/2024 | Book + CD/DVD |
